The panorama of the City of New York : (Record no. 126944)
[ view plain ]
| 000 -LEADER | |
|---|---|
| campo de control de longitud fija | 02073cam a22003975i 4500 |
| 001 - NÚMERO DE CONTROL | |
| campo de control | 23836453 |
| 003 - IDENTIFICADOR DE NÚMERO DE CONTROL | |
| campo de control | BJBSDDR |
| 005 - FECHA Y HORA DE LA ÚLTIMA TRANSACCIÓN | |
| campo de control | 20260428175711.0 |
| 006 - CÓDIGOS DE INFORMACIÓN DE LONGITUD FIJA--CARACTERÍSTICAS DEL MATERIAL ADICIONAL | |
| campo de control de longitud fija | a|||||r|||| 00| 0 |
| 007 - CAMPO FIJO DE DESCRIPCIÓN FÍSICA--INFORMACIÓN GENERAL | |
| campo de control de longitud fija | ta |
| 008 - DATOS DE LONGITUD FIJA--INFORMACIÓN GENERAL | |
| campo de control de longitud fija | 240823s2024 nyu r 000 0 eng |
| 010 ## - NÚMERO DE CONTROL DE LA BIBLIOTECA DEL CONGRESO | |
| Número de control de LC | 2024945023 |
| 020 ## - NÚMERO INTERNACIONAL ESTÁNDAR DEL LIBRO | |
| Número Internacional Estándar del Libro | 9781785515668 |
| Información calificativa | (hardback) |
| 035 ## - NÚMERO DE CONTROL DEL SISTEMA | |
| Número de control de sistema | 23836453 |
| 040 ## - FUENTE DE CATALOGACIÓN | |
| Centro catalogador/agencia de origen | DLC |
| Lengua de catalogación | eng |
| Normas de descripción | rda |
| Centro/agencia transcriptor | DLC |
| Centro/agencia modificador | DLC |
| 041 ## - CÓDIGO DE IDIOMA | |
| Código de lengua del texto/banda sonora o título independiente | eng |
| 042 ## - CÓDIGO DE AUTENTICACIÓN | |
| Código de autenticación | pcc |
| 050 ## - SIGNATURA TOPOGRÁFICA DE LA BIBLIOTECA DEL CONGRESO | |
| Número de ítem | M649p 2024 |
| 100 1# - ENTRADA PRINCIPAL--NOMBRE DE PERSONA | |
| Nombre de persona | Miller, Marc H. |
| 9 (RLIN) | 48182 |
| 245 14 - MENCIÓN DEL TÍTULO | |
| Título | The panorama of the City of New York : |
| Resto del título | Queens Museum, New York / |
| Mención de responsabilidad, etc. | Lynn Maliszewski, Lauren Haynes, Mark H Miller, Kenneth T Jackson, Valerie Paley, Vyjayanthi Rao. |
| 264 #1 - PRODUCCIÓN, PUBLICACIÓN, DISTRIBUCIÓN, FABRICACIÓN Y COPYRIGHT | |
| Producción, publicación, distribución, fabricación y copyright | New York : |
| Nombre del de productor, editor, distribuidor, fabricante | Scala Arts Publishers, Inc., |
| Fecha de producción, publicación, distribución, fabricación o copyright | 2024. |
| 300 ## - DESCRIPCIÓN FÍSICA | |
| Extensión | 159 pages : |
| Otras características físicas | illustrations ; |
| Dimensiones | 27 cm |
| 336 ## - TIPO DE CONTENIDO | |
| Término de tipo de contenido | text |
| Código de tipo de contenido | txt |
| Fuente | rdacontent |
| 337 ## - TIPO DE MEDIO | |
| Nombre/término del tipo de medio | unmediated |
| Código del tipo de medio | n |
| Fuente | rdamedia |
| 338 ## - TIPO DE SOPORTE | |
| Nombre/término del tipo de soporte | volume |
| Código del tipo de soporte | nc |
| Fuente | rdacarrier |
| 520 ## - RESUMEN, ETC. | |
| Sumario, etc. | "Library of Congress Cataloging-in-Publication Data: Names: Lynn Maliszewski with Lauren Haynes, Editors I Title: The Panorama of the City of New York, Queens Museum, New York, in association with Scala Arts Publishers, Inc. New York I Description: Published for 60th anniversary of The Panorama of the City of New York, national treasure and the largest model in the world. Unseen archival photographs from the Queens Museum revealing the Panorama's history and significance. Contributors: Mark H. Miller, Kenneth T. Jackson, Valerie Paley and Vyjayanthi Rao I Identifiers: LCCN 2024000000 I ISBN 9781785515668 (hbk.) I Subjects: New York | Museums | Queens Museum"-- |
| Fuente proveedora | Provided by publisher. |
| 700 1# - ENTRADA AGREGADA--NOMBRE PERSONAL | |
| Nombre de persona | Maliszewski, Lynn |
| Término indicativo de función/relación | editor. |
| 9 (RLIN) | 48183 |
| 700 1# - ENTRADA AGREGADA--NOMBRE PERSONAL | |
| Nombre de persona | Haynes, Lauren |
| Término indicativo de función/relación | editor. |
| 9 (RLIN) | 48184 |
| 700 1# - ENTRADA AGREGADA--NOMBRE PERSONAL | |
| Nombre de persona | Jackson, Kenneth T., |
| Fechas asociadas al nombre | 1939- |
| Término indicativo de función/relación | author. |
| 9 (RLIN) | 44738 |
| 700 1# - ENTRADA AGREGADA--NOMBRE PERSONAL | |
| Nombre de persona | Paley, Valerie |
| Término indicativo de función/relación | author. |
| 9 (RLIN) | 48185 |
| 700 1# - ENTRADA AGREGADA--NOMBRE PERSONAL | |
| Nombre de persona | Rao, Vyjayanthi Venuturupalli. |
| Término indicativo de función/relación | author. |
| 9 (RLIN) | 41310 |
| 906 ## - ELEMENTOS DE DATOS F LOCAL, LDF (RLIN) | |
| a | 0 |
| b | ibc |
| c | orignew |
| d | 2 |
| e | epcn |
| f | 20 |
| g | y-gencatlg |
| 942 ## - ELEMENTOS DE ENTRADA SECUNDARIOS (KOHA) | |
| Fuente del sistema de clasificación o colocación | Clasificación de Library of Congress |
| Suprimir en OPAC | No |
| Tipo de ítem Koha | Libro |
| 946 ## - PROCESAMIENTO DE INFORMACIÓN LOCAL (OCLC) | |
| Iniciales del agente catalogador | llh |
| Estatus retirado | Estado de pérdida | Fuente del sistema de clasificación o colocación | Estado de daño | No para préstamo | Colección | Biblioteca de origen | Biblioteca actual | Ubicación en estantería | Fecha de adquisición | Signatura topográfica completa | Código de barras | Visto por última vez | Copia número | Tipo de ítem Koha |
|---|---|---|---|---|---|---|---|---|---|---|---|---|---|---|
| Clasificación de Library of Congress | Automatización y Procesos Técnicos | Biblioteca Juan Bosch | Biblioteca Juan Bosch | Automatización y Procesos Técnicos (1er. Piso) | 28/04/2026 | M649p 2024 | 00000200037 | 28/04/2026 | 1 | Libro |
